L'intégrale des films Disney (1937-2025) - Statistiques

Statistiques générales
  • Ce quiz a été pris 157 fois
  • Le résultat moyen est 60 sur 164
Statistiques - réponses
Hint Réponse % Correct
1937 Blanche-Neige et les Sept Nains
96%
1950 Cendrillon
89%
2013 La Reine des neiges
88%
1959 La Belle au bois dormant
81%
1991 La Belle et la Bête
81%
1989 La Petite Sirène
80%
2010 Raiponce
79%
1998 Mulan
78%
1994 Le Roi Lion
76%
1940 Pinocchio
76%
1992 Aladdin
74%
1995 Pocahontas
73%
2019 La Reine des neiges 2
72%
1955 La Belle et le Clochard
71%
2009 La Princesse et la Grenouille
71%
1961 Les 101 Dalmatiens
70%
1970 Les Aristochats
69%
1995 Toy Story
69%
2016 Vaiana : La Légende du bout du monde
69%
2006 Cars
67%
1940 | 1999 Fantasia
67%
1967 Le Livre de la jungle
67%
1953 Peter Pan
65%
2012 Rebelle
65%
1951 Alice au pays des merveilles
63%
1999 Tarzan
63%
1999 Toy Story 2
63%
1998 Le Roi lion 2 : L'Honneur de la tribu
62%
2010 Toy Story 3
62%
2011 Cars 2
61%
1942 Bambi
60%
2017 Cars 3
60%
1941 Dumbo
60%
2019 Toy Story 4
60%
2002 Cendrillon 2 : Une vie de princesse
59%
2021 Encanto : La Fantastique Famile Madrigal
59%
1996 Le Bossu de Notre-Dame
59%
2015 Vice-versa
59%
2016 Zootopie
58%
2017 Coco
57%
1997 Hercule
57%
2004 Le Roi lion 3 : Hakuna Matata
56%
2009 Là-haut
55%
2003 Le Monde de Nemo
55%
2007 Ratatouille
53%
2000 La Petite Sirène 2 : Retour à l'océan
52%
2004 Mulan 2 : La Mission de l'Empereur
52%
2024 Vaiana 2
52%
1981 Rox et Rouky
51%
2020 Soul
51%
2024 Vice-versa 2
51%
1972 Robin des Bois
50%
2008 Volt, star malgré lui
49%
1963 Merlin l'Enchanteur
47%
1997 La Belle et la Bête 2 : Le Noël enchanté
45%
2004 Les Indestructibles
45%
2016 Le Monde de Dory
44%
2012 Les Mondes de Ralph
44%
2021 Luca
44%
1998 Pocahontas 2 : Un monde nouveau
44%
2005 Tarzan 2 : L'enfance d'un héros
44%
2003 Stitch ! Le film
43%
2008 WALL-E
43%
2003 Frère des ours
42%
2002 Peter Pan 2 : Retour au Pays imaginaire
41%
2008 La Fée Clochette
40%
2011 Winnie l'ourson
40%
1998 1001 Pattes
39%
2023 Wish : Asha et la Bonne Etoile
39%
2001 Atlantide, l'empire perdu
38%
1994 Le Retour de Jafar
38%
2018 Les Indestructibles 2
38%
2014 Les Nouveaux Héros
38%
1985 Taram et le Chaudron magique
38%
2003 Le Livre de la jungle 2
37%
2021 Raya et le Dernier Dragon
37%
2022 Alerte rouge
36%
2007 Cendrillon 3 : Le Sortilège de Cendrillon
36%
2013 Planes
36%
2006 Bambi 2
35%
1964 Mary Poppins
35%
2001 Monstres et Compagnie
35%
2018 Ralph 2.0
35%
1988 Oliver et Compagnie
33%
2023 Elementaire
32%
2006 Frère des ours 2
32%
2001 La Belle et le Clochard 2 : L'appel de la rue
32%
2002 La Planète au trésor
32%
2002 Le Bossu de Notre-Dame 2
32%
2002 Les 101 Dalmatiens 2 : Sur la trace des héros
32%
2000 Kuzco, l'empereur mégalo
31%
1977 Les Aventures de Bernard et Bianca
31%
2013 Monstres Academy
31%
2020 En avant
30%
2004 La ferme se rebelle
29%
2006 Rox et Rouky 2
29%
2015 Le Voyage d'Arlo
28%
1986 Basil, détective privé
27%
2005 Lilo et Stitch 2 : Hawaï, nous avons un problème !
27%
2014 Planes 2
27%
2005 Chicken Little
26%
1944 Les Trois Caballeros
26%
2007 Bienvenue chez les Robinson
25%
2000 Dinosaure
24%
2009 Clochette et la Pierre de lune
23%
1996 Aladdin et le Roi des voleurs
22%
1990 Bernard et Bianca au pays des kangourous
22%
2022 Buzz l'Eclair
22%
2000 Buzz l'Eclair : Le début des aventures
22%
1947 Coquin de printemps
20%
2005 Kuzco 2 : King Kronk
20%
1946 La boîte à musique
20%
1948 Danny
19%
1995 Dingo et Max
19%
1990 La Bande à Picsou
19%
2008 Le Secret de la Petite Sirène
19%
2002 Lilo et Stich
19%
1948 Mélodie Cocktail
19%
1946 Mélodie du Sud
19%
2004 Mickey, Donald, Dingo : Les Trois Mousquetaires
19%
1977 Peter et Elliott le dragon
19%
1942 Saludos Amigos
19%
2014 Clochette et la Fée pirate
18%
1949 Le Crapaud et le Maître d'école
18%
2000 Les Aventures de Tigrou
18%
2022 Avalonia : L'Etrange voyage
17%
2014 Clochette et la Créature légendaire
17%
2012 Clochette et le Secret des fées
17%
2010 Clochette et l'Expédition féerique
17%
1977 Les Aventures de Winnie l'ourson
16%
2025 Mufasa : Le Roi Lion
16%
1997 Winnie l'ourson 2 : Le Grand Voyage
15%
2000 Dingo et Max 2 : Les Sportifs de l'extrême
14%
2004 Les Aventures de Petit Gourou
14%
2003 Les Aventures de Porcinet
14%
1993 L'Etrange Noël de monsieur Jack
14%
1971 L'Apprentie sorcière
13%
2005 Winnie l'ourson et l'Efélant
13%
2007 Il était une fois
9%
2006 The Wild
8%
2022 Il était une fois 2
7%
2022 L'âge de glace : Les Aventures de Buck Wild
7%
1941 Le Dragon récalcitrant
6%
2018 Le Retour de Mary Poppins
6%
2006 Leroy et Stitch
6%
2022 Tic et Tac
5%
1996 James et la Pêche géante
4%
1999 Doug, le film
3%
1988 Qui veut la peau de Roger Rabbit?
3%
1995 Gargoyles
2%
2001 La Cour de recré
2%
2021 Le Journal d'un dégonflé
2%
2011 Milo sur Mars
2%
1943 Victoire dans les airs
2%
2018 Jean-Christophe et Winnie
1%
2003 Kim Possible
1%
1997 Mighty Ducks
1%
2020 Phinéas et Ferb, le film 2 : Candice face à l'univers
1%
2011 Phinéas et Ferb, le film : Voyage dans la 2ème dimension
1%
2004 Scott, le film
1%
2005 Cool Attitude, le film
0%
2005 Kim Possible : Mission Cupidon
0%
2009 Le Drôle de Noël de Scrooge
0%
Aucun quiz correspondant
Distribution des résultats
% des personnes avec chaque résultat
Percentile par nombre de réponses
Votre historique - résultats
Vous n’avez pas pris ce quiz